Geography Quiz

Random Geography or State Quiz

Official state Mottos Quiz Stats

 Plays Quiz not verified by Sporcle

Also try: Sugary Countries
Challenge
Share
Tweet
Embed
Score 0/50 Timer 10:00
0 Plays Today
% Correct
Eureka!. . . .I have found it
74.1%
North to the Future
63%
Live free or die
59.3%
The Life of the land is perpetuated in Righteousness
55.6%
In God we trust
48.1%
The star of the north
48.1%
He Who Is Transplanted is still sustained
44.4%
The Crossroads of America
44.4%
Manly deeds, womanly words
44.4%
If you seek a pleasant peninsula, look about you
44.4%
Mountaineers are always free
44.4%
We Dare to Defend our Rights
40.7%
To the stars through difficulties
40.7%
Excelsior
40.7%
Friendship
40.7%
Bye and bye
40.7%
Equal rights
40.7%
Ditat Deus (God Enriches)
37%
Nothing Without the Deity
37%
Let it be perpetual
37%
State Sovereignty, National Union
37%
Gold and Silver
37%
Hope
37%
Industry
37%
Liberty and Independence
33.3%
% Correct
United we stand, divided we fall
33.3%
The welfare of the people shall be the supreme law
33.3%
It grows as it goes
33.3%
To be, rather than to seem
33.3%
She flies with her own wings
33.3%
Agriculture and Commerce
33.3%
Wisdom, Justice and Moderation
29.6%
Our liberties we prize and our rights we will maintain
29.6%
By the sword we seek peace, but peace only under liberty
29.6%
All for our country
29.6%
Liberty and prosperity
29.6%
Thus always to tyrants
29.6%
The People Rule
25.9%
I direct
25.9%
By valor and arms
25.9%
Labor conquers all things
25.9%
Forward
25.9%
Union, Justice, and Confidence
22.2%
Liberty and union now and forever, One and inseperable
22.2%
Equality before the law
18.5%
With God, all things are possible
14.8%
Virtue, Liberty and Independence
14.8%
Prepared in Mind and resources
14.8%
Under God the people rule
14.8%
Freedom and Unity
14.8%

You're not logged in!

Compare scores with friends on all Sporcle quizzes.
Join for Free
OR
Log In

You Might Also Like...

Show Comments

Extras

Top Quizzes Today


Score Distribution

Your Account Isn't Verified!

In order to create a playlist on Sporcle, you need to verify the email address you used during registration. Go to your Sporcle Settings to finish the process.

Report this User

Report this user for behavior that violates our Community Guidelines.

Details: